00645nam a22002057a 4500003000500000005001700005008004100022010001000063011001000073035001000083040000900093082001600102100003400118245003800152260007300190300001100263490006600274650003300340830006600373CHAP20220329134000.0971013s1973 r 00010 d a13586 a14558 a18632 cCHAP a624.177bC300aCastillo Martínez, Heberto. aAnálisis y diseño estructural aMéxico, D.F. :bRepresentaciones y Servicio de Ingeniería,c1973 a749 p. aMétodos para el análisis de sistemas de ingenieríav; 514aIngeniería de estructuras.0 aMétodos para el análisis de sistemas de ingenieríav; 5